| 000 | 03747 a2200493 4500 | ||
|---|---|---|---|
| 001 | 23870933 | ||
| 003 | 0000 | ||
| 005 | 20251015143550.0 | ||
| 006 | m |o d | | ||
| 007 | cr_||||||||||| | ||
| 008 | 240806t20252025flu ob 001 0 eng | ||
| 010 | _a 2024036025 | ||
| 020 | _a9781032875668 | ||
| 035 | _a23870933 | ||
| 040 |
_aDLC _beng _cDLC _erda _dDLC |
||
| 042 | _apcc | ||
| 050 | 0 | 0 | _aR 118 |
| 060 | 0 | 0 | _aWB 18.2 |
| 082 | 0 | 0 |
_a610.1/4 _223/eng/20240919 |
| 100 | 1 |
_aSuresh, E. _q(Ernest), _eauthor. |
|
| 245 | 1 | 0 |
_aClinical communication skills in medicine : _ba primer for MRCP PACES / _cErnest Suresh MD, FRCP (London). |
| 250 | _aFirst edition. | ||
| 264 | 1 |
_aBoca Raton, FL : _bCRC Press, Taylor & Francis Group, _c2025. |
|
| 264 | 4 | _c♭2025 | |
| 300 | _aviii, 238 pages | ||
| 336 |
_atext _btxt _2rdacontent |
||
| 337 |
_acomputer _bc _2rdamedia |
||
| 338 |
_aonline resource _bcr _2rdacarrier |
||
| 490 | 1 | _aMasterpass series | |
| 500 | _aIncludes bibliographical references and index. | ||
| 504 | _aIncludes bibliographical references and index. | ||
| 520 |
_a"This book takes readers through forty-five challenging scenarios to teach communication skills in medicine. It follows the revised format of the Practical Assessment of Clinical Examination Skills (PACES) exam conducted by the Royal College of Physicians in the UK, which tests communication skills twice in two separate stations. Most scenarios in this book have been created in an acute medical unit setting. Being fully dialogued will improve the clinical communication skills of young doctors, senior medical students, nursing staff, and trainees in internal medicine and general practice at all levels, preparing them for the new format of MRCP PACES. Readers will learn: 1. How to convey abnormal test results and break bad news. 2. How to discuss the diagnosis of a chronic disease and negotiate a management plan. 3. How to communicate with patients who pose an ethical dilemma. 4. How to communicate with challenging patients and relatives. 5. What to tell patients or relatives when things go wrong. 6. How to communicate with patients and relatives regarding end-of-life issues. Key Features: 1. Takes readers through a simple step-by-step approach to skillfully dealing with common challenging communication scenarios they face in their daily practice. 2. Guides readers on how to communicate in layman's terms without using medical jargon, as it is fully dialogued, proving particularly helpful to non-UK candidates, whose first language is not English. 3. Simplifies several complex ethical and medicolegal principles, such as treatment of patients lacking capacity, dealing with patients who refuse consent, confidentiality, counselling a non-compliant patient, basic genetic counselling, management of patients who demand non-indicated investigations or treatments, open disclosure after a medical error, preparing an advance decision and lasting power of attorney, issues around brain death and organ donation, tube feeding, Do Not Attempt Resuscitation orders and referral to the coroner"-- _cProvided by publisher. |
||
| 588 | _aDescription based on print version record and CIP data provided by publisher. | ||
| 650 | 1 | 2 | _aClinical Medicine |
| 650 | 2 | 2 | _aCommunication |
| 650 | 2 | 2 | _aPhysician-Patient Relations |
| 655 | 2 | _aCase Reports | |
| 655 | 2 | _aProblems and Exercises | |
| 776 | 0 | 8 |
_iPrint version: _aSuresh, E. (Ernest). _tClinical communication skills in medicine _bFirst edition. _dBoca Raton, FL : CRC Press, Taylor & Francis Group, 2025 _z9781032875675 _w(DLC) 2024036024 |
| 830 | 0 | _aMaster pass | |
| 906 |
_a7 _bcbc _corignew _d1 _eecip _f20 _gy-gencatlg |
||
| 942 |
_2lcc _cBK |
||
| 999 |
_c43799 _d43799 |
||